| 000 | 01271cam a22002891i 4500 | ||
|---|---|---|---|
| 003 | SA-RiAUC | ||
| 005 | 20250420134817.0 | ||
| 008 | 241124s1998 jo f b 000 0 ara c | ||
| 040 |
_aSA-RiNAUS _bara _cSA-RiAUC. _erda |
||
| 043 | _aa-jo--- | ||
| 082 | 0 | 4 |
_a346.56 _qSA-RiAUC |
| 090 |
_a346.56 _bش م ا |
||
| 100 | 1 |
_aالشمايلة، ناصر جميل محمد _eمؤلف. |
|
| 245 | 1 | 0 |
_aكسب ملكية المضمونات بالضمان : _bدراسة مقارنة / _cتأليف ناصر جميل محمد الشمايلة. |
| 250 | _aالطبعة الأولى. | ||
| 264 | 1 |
_aعمان، الأردن : _bمكتبة دار الثقافة للنشر والتوزيع، _c1998 |
|
| 300 |
_a160 صفحة ؛ _c24 سم. |
||
| 336 |
_aنص _btxt _2rdacontent _3كتاب |
||
| 337 |
_aبدون وسيط _bn _2rdamedia |
||
| 338 |
_aمجلد _bnc _2rdacarrier |
||
| 490 | 1 |
_aالمكتبة القانونية ؛ _v207 |
|
| 504 | _aببليوجرافية : صفحة 147-160. | ||
| 650 | 7 |
_aالضمانات المالية _xقوانين وتشريعات _zالأردن _2aucsh |
|
| 830 | 2 |
_aالمكتبة القانونية (مكتبة دار الثقافة للنشر والتوزيع) _v207 |
|
| 942 |
_2ddc _cBOOK _n0 |
||
| 949 |
_aSA-JeALM _d241124 _umohamedma123 _n1 |
||
| 999 |
_c7226 _d7226 |
||